| 000 | 00646nam a2200217 i 4500 | ||
|---|---|---|---|
| 001 | 59646 | ||
| 003 | ES-MaACL | ||
| 005 | 20240429125348.0 | ||
| 007 | t| | ||
| 008 | 031030s1979 sp ||||1| spa d | ||
| 245 | 0 | 3 |
_aEl entusiasmo y la quietud _b: antología del romanticismo alemán / _cedición de Antoni Marí. |
| 250 | _a[1ª ed.]. | ||
| 260 |
_aBarcelona : _bTusquets, _c[1979] |
||
| 300 |
_a331 p. ; _c19 cm. |
||
| 490 | 1 |
_aMarginales ; _v63 |
|
| 700 | 1 |
_aMarí, Antonio, _d1963- _976642 |
|
| 830 | 0 | 0 |
_aMarginales ; _v63 _9236110 |
| 852 |
_aES-MaACL _jL-6643 _bR.107615 |
||
| 942 | _2udc | ||
| 999 |
_c59646 _d59646 |
||